|
|
|
|
| LEADER |
00000nam0a2200000 4500 |
| 001 |
120486 |
| 005 |
20231101215619.0 |
| 010 |
|
|
|a 5265014802
|
| 020 |
|
|
|a RU
|b 91-1021
|
| 035 |
|
|
|a (RuTPU)RU\TPU\book\130466
|
| 090 |
|
|
|a 120486
|
| 100 |
|
|
|a 20070829d1990 m y0rusy5003 ca
|
| 101 |
0 |
|
|a rus
|
| 102 |
|
|
|a RU
|
| 105 |
|
|
|a a z 001ay
|
| 200 |
1 |
|
|a Стихотворения и трагедии
|f И. Ф. Анненский
|g авт. предисл., подгот. текста и примеч. А. В. Федоров
|
| 210 |
|
|
|a Ленинград
|c Советский писатель
|d 1990
|
| 215 |
|
|
|a 640 с., [8] л. ил., портр.
|d 22 см
|
| 225 |
1 |
|
|a Библиотека поэта
|e Осн. М. Горьким в 1931 г
|a Большая серия 3-е изд.
|
| 320 |
|
|
|a Библиогр. в примеч.: с. 557-603
|
| 320 |
|
|
|a Алф. указ. стихотворений и трагедий: с. 613-629
|
| 327 |
1 |
|
|a Содерж.: Циклы: Тихие песни; Кипарисовый ларец; Стихотворения, не вошедшие в авторские сборники; Стихотворные переводы; Трагедии: Меланиппа-философ: Трагедия; Царь Иксион: Трагедия в 5 д. с муз. антрактами; Лаодамия: Лирич. трагедия в 4 д. с муз. антрактами; Фамира-кифарэд: Вакх. драма; Другие редакции и варианты
|
| 610 |
1 |
|
|a русская литература
|
| 610 |
1 |
|
|a стихотворения
|
| 610 |
1 |
|
|a трагедии
|
| 675 |
|
|
|a Р1
|z rus
|v 3
|
| 700 |
|
1 |
|a Анненский
|b И. Ф.
|c русский поэт
|f 1855-1909
|g Иннокентий Федорович
|2 stltpush
|3 (RuTPU)RU\TPU\pers\1048
|9 467
|
| 702 |
|
1 |
|a Федоров
|b А. В.
|4 080
|
| 801 |
|
0 |
|a RU
|b RuMRKP
|c 19950417
|g psbo
|
| 801 |
|
1 |
|a RU
|b 63413507
|c 20070829
|g PSBO
|
| 801 |
|
2 |
|a RU
|b 63413507
|c 20070925
|g PSBO
|
| 942 |
|
|
|c BK
|